“渔港”地点数量≥100的地级行政区 Prefectures with ≥100 fishing port sites - Statistics

General Stats
  • This quiz has been taken 51 times
  • The average score is 12 of 16
Answer Stats
地级行政区 数量 % Correct
厦门 100
96%
宁波 391
93%
温州 139
93%
上海 249
91%
大连 159
91%
烟台 153
87%
威海 311
84%
深圳 173
80%
广州 105
78%
连云港 129
76%
南通 108
73%
天津 142
67%
盐城 107
64%
苏州 118
49%
阳江 179
38%
无锡 203
29%
No matching quizzes found
Score Distribution
Percent of People with Each Score
Percentile by Number Answered
Your Score History
You have not taken this quiz